书目信息 |
| 题名: |
生态哲学研究
|
|
| 作者: | 曹孟勤, 著 | |
| 分册: | ||
| 出版信息: | 上海 上海三联书店 2019.12 |
|
| 页数: | 291页 | |
| 开本: | 23cm | |
| 丛书名: | ||
| 单 册: | ||
| 中图分类: | Q14-02 | |
| 科图分类: | ||
| 主题词: | 生态学--sheng tai xue--哲学--文集 | |
| 电子资源: | ||
| ISBN: | 978-7-5426-6760-1 | |
| 000 | 01127nam0 2200265 450 | |
| 001 | 202020139134 | |
| 005 | 20200926181339.0 | |
| 010 | @a978-7-5426-6760-1@dCNY66.00 | |
| 100 | @a20200916d2019 em y0chiy50 ea | |
| 101 | 0 | @achi |
| 102 | @aCN@b310000 | |
| 105 | @ay z 000yy | |
| 106 | @ar | |
| 200 | 1 | @a生态哲学研究@Asheng tai zhe xue yan jiu@d= Ecological philosophy research@f曹孟勤著@zeng |
| 210 | @a上海@c上海三联书店@d2019.12 | |
| 215 | @a291页@d23cm | |
| 300 | @a江苏高校优势学科建设工程三期项目 | |
| 314 | @a曹孟勤, 南京师范大学教授, 博士生导师, 主要研究方向为生态哲学。 | |
| 330 | @a本书收录了作者25篇关于生态哲学的学术论文, 对生态哲学研究中人类中心主义和非人类中心主义进行了反思, 主张生态伦理应当从抽象向现实转向 ; 对人与自然关系进行了深入研究, 提出人向自然的生成, 人即自然, 自然即人的主张 ; 探讨了生态文明的本质, 认为真正走向生态文明必须确认人是自然的守护者。 | |
| 510 | 1 | @aEcological philosophy research@zeng |
| 606 | 0 | @a生态学@Asheng tai xue@x哲学@j文集 |
| 690 | @aQ14-02@v5 | |
| 701 | 0 | @a曹孟勤,@Acao meng qin@f1957-@4著 |
| 801 | 0 | @aCN@c20200331 |
| 905 | @a河南城建学院图书馆@dQ14-02@eC135 | |
| 生态哲学研究= Ecological philosophy research/曹孟勤著.-上海:上海三联书店,2019.12 |
| 291页;23cm |
| 江苏高校优势学科建设工程三期项目 |
| ISBN 978-7-5426-6760-1:CNY66.00 |
| 本书收录了作者25篇关于生态哲学的学术论文, 对生态哲学研究中人类中心主义和非人类中心主义进行了反思, 主张生态伦理应当从抽象向现实转向 ; 对人与自然关系进行了深入研究, 提出人向自然的生成, 人即自然, 自然即人的主张 ; 探讨了生态文明的本质, 认为真正走向生态文明必须确认人是自然的守护者。 |
| ● |
| 相关链接 |
|
|
|
正题名:生态哲学研究
索取号:Q14-02/C135
 
预约/预借
| 序号 | 登录号 | 条形码 | 馆藏地/架位号 | 状态 | 备注 |
| 1 | 1488551 | 214885515 | 自科库401/401自科库 25排4列3层/ [索取号:Q14-02/C135] | 在馆 | |
| 2 | 1488552 | 214885524 | 自科库401/401自科库 25排4列3层/ [索取号:Q14-02/C135] | 在馆 |